| 000 | 00300nam a2200097Ia 4500 | ||
|---|---|---|---|
| 005 | 20251222152003.0 | ||
| 008 | 251222s9999||||xx |||||||||||||| ||spa|| | ||
| 082 | _a630.1/I59/V.3/1996 | ||
| 245 | 0 | _a"III Censo Nacional Agropecuario, perfil agropecuario: Provincia Constitucional del Callao" | |
| 942 | _cLIB | ||
| 999 |
_c24621 _d24621 |
||